000
00212nmm a2200085Ia 4500
008
150209s2015||||xx |||||||||||||||||und||
100
_a
ABRAHAMS,
245
_a
McMINNS CLINICAL ATLAS OF HUMAN ANATOMY
942
_2
ddc
_c
CD
999
_c
5898
_d
5898